Historia del imperio romano; desde el año 350 al 378 de la era cristiana. tomo ii /
Guardado en:
| Autor Principal: | |
|---|---|
| Formato: | Libro |
| Publicado: |
Madrid :
Hernando,
1896
|
| Series: | Bibl. Clásica
|
| Materias: | |
| Etiquetas: |
Agregar Etiqueta
Sin Etiquetas, Sea el primero en etiquetar este registro!
|
| LEADER | 00567nam a22001935a 4500 | ||
|---|---|---|---|
| 001 | CEM.cems000505 | ||
| 005 | 20060210000000.0 | ||
| 008 | 130507s1896##################000#0#####d | ||
| 003 | CEMS | ||
| 082 | 0 | 4 | |a 878 |
| 100 | 1 | |a Ammiano, Marcelino | |
| 245 | 1 | 0 | |a Historia del imperio romano; desde el año 350 al 378 de la era cristiana. tomo ii / |
| 260 | |a Madrid : |b Hernando, |c 1896 | ||
| 300 | |a 417 p. | ||
| 490 | 0 | |a Bibl. Clásica | |
| 653 | |a Literatura | ||
| 653 | |a Literatura latina | ||
| 653 | |a Miscelanea | ||
| 859 | |a CEMS |b BIB. CEMS - 11 de abril |h 878 |i Am62/II |p 5589.76 |t Ej.1 | ||
